000 00840nam a2200217 4500
005 20260212114726.0
008 260205b |||||||| |||| 00| 0 eng d
020 _a9781959029953
041 _aEnglish
082 _bBUL
_a745.4
100 _aBuley Leah
_9216614
245 _aUser Experience Team of One: A Research and Design Survival Guide
250 _a2nd
260 _aNew York
_bRosenfeld
_c2024
300 _a293
365 _b3332.48
_cRs.00
520 _aPart I: Philosophy. 1. Ux 101 2. Getting Started 3. Building Support For Your Work Part Ii: Practice. 4. Planning And Discovery Methods 5. Research Methods 6. Design Methods 7. Testing And Validation Methods 8. Evangelism Methods 9. Growing Yourself And Your Career 10. What's Next
650 _aDesign
700 _aNatoli Joe
_9216615
942 _cBK
999 _c370323
_d370323